| 000 | 00635nam a22002057a 4500 | ||
|---|---|---|---|
| 999 |
_c12107 _d12107 |
||
| 003 | AR-CdUCM | ||
| 008 | 190405b ||||| |||| 00| 0 spa d | ||
| 040 |
_aMUNICIPALIDAD PROVINCIAL DEL CUSCO _cBIBLIOTECA MUNICIPAL DEL CUSCO |
||
| 082 |
_a869.56 / _bM52 / 1971 |
||
| 100 |
_aMendoza Borda, Gloria _914954 |
||
| 245 | _aLos grillos tomaron tu cimbre / | ||
| 260 |
_aCusco : _bImprenta Veloz, _c1971. |
||
| 300 |
_a48 páginas ; _c17 cm. |
||
| 505 | _aContenido: Poesía cusqueña. | ||
| 650 |
_aPoesía cusqueña _92323 |
||
| 650 |
_aCostumbres _9230 |
||
| 650 |
_aCusco _9772 |
||
| 942 |
_2ddc _cLIBROS |
||
| 945 |
_arjall _d05/04/2019 |
||